000 00511nam a2200169 i 4500
001 49214
003 ES-MaACL
005 20230906161915.0
007 t|
008 030710s1874 sp ||||1| spa d
100 1 _aCortázar y Larrubia, Daniel de.
_940829
245 1 0 _aCálculos de altitudes por medio de observaciones barométricas /
_cDaniel de Cortázar y Larrubia.
260 _aMadrid :
_bTello,
_c1874.
300 _a24 p. ;
_c25 cm.
650 4 _aBarómetros.
_9151953
852 _aES-MaACL
_jT-515-F-9
999 _c49214
_d49214